00238nam a22000977a 4500003000400000245006500004260003400069300000800103942001200111999001700123SGT ainternational journal of computational intelligence research bRIP RESEARCH INDIAN PUBLISHER a400 2ddccBV c29112d29112